00401nam a2200145Ia 4500003000400000008004100004040001600045082001300061100001800074245006700092700001900159260004700178650001000225650002000235GCL140319s9999 xx 000 0 eng d aGCL / cGCL04a581bB S1 aBOODLE, L. A.10aSTUDENT HANDBOOK OF BOTANY AND PLANT SCIENCE / cBOODLE, L. A.1 aSINNOTT, E. W. a[S.N] : bCOMMONWEATH PUBLISHERS ، c199404aPLANT04aPLANT - SCIENCE